Goethe zum Beispiel (Registro nro. 300940)

Detalles MARC
000 -ENCABEZADO
Número de control [NR] 01261nam a2200289 a 4500
005 - FECHA Y HORA DE LA ÚLTIMA TRANSACCIÓN
control field 20211213101915.0
008 - DE LONGITUD FIJA DE DATOS DE ELEMENTOS - INFORMACIÓN GENERAL
Elementos de longitud fija [NR] 151006s2014 gw b 000 0dger d
020 ## - NUMERO INTERNACIONAL NORMALIZADO PARA LIBROS [R]
Número Internacional Normalizado del libro [NR] 9783518586242
040 ## - FUENTE DE CATALOGACION [NR]
Agencia de catalogación original [NR] CO-BoUCM
Quien Cataloga Deissy Garcia (modificó)
Quien Clasifica David Avila
Idioma de catalogación [NR] spa
041 0# - CODIGO DE IDIOMA [R]
Código de idioma para texto/pista de sonido o título separado [R] Alemán
100 1# - ASIENTO PRINCIPAL--NOMBRE PERSONAL [NR]
Nombre personal [NR] Blumenberg, Hans
ID Autoridad 1164
245 10 - MENCION DE TITULO [NR]
Título [NR] Goethe zum Beispiel
Mención de responsabilidad, etc. [NR] Hans Blumenberg ; in Verbindung mit Manfred Sommer herausgegeben vom Hans Blumenberg-Archiv.
260 ## - PUBLICACION, DISTRIBUCION, ETC. (PIE DE IMPRENTA) [R]
Lugar de publicación, distribución, etc. [R] Berlín (Alemania)
Nombre del editor, distribuidor, etc. [R] Suhrkamp
Fecha de publicación, distribución, etc. [R] 2014
300 ## - DESCRIPCION FISICA [R]
Extensión [R] 245 páginas
500 ## - NOTA GENERAL [R]
Nota general [NR] Originalmente publicado: Fráncfort del Meno: Insel, 1999.
504 ## - NOTA DE BIBLIOGRAFIA, ETC. [R]
Nota de bibliografía, etc. [NR] Incluye referencias bibliográficas
600 10 - ASIENTO SECUNDARIO DE MATERIA - NOMBRE PERSONAL [R]
Nombre personal [NR] Goethe, Johann Wolfgang von
Fechas asociadas con el nombre [NR] 1749-1832
Subdivisión general [R] Crítica e interpretación
9 (RLIN) 72058
600 10 - ASIENTO SECUNDARIO DE MATERIA - NOMBRE PERSONAL [R]
Nombre personal [NR] Goethe, Johann Wolfgang von
Fechas asociadas con el nombre [NR] 1749-1832
Subdivisión general [R] Pensamiento político y social
9 (RLIN) 72059
600 10 - ASIENTO SECUNDARIO DE MATERIA - NOMBRE PERSONAL [R]
Nombre personal [NR] Goethe, Johann Wolfgang von
Fechas asociadas con el nombre [NR] 1749-1832
Subdivisión general [R] Influencia
9 (RLIN) 72060
650 #0 - ASIENTO SECUNDARIO DE MATERIA - TERMINO TEMATICO [R]
Término temático o nombre geográfico como elemento de entrada [NR] Autores alemanes
Subdivisión cronológica [R] Siglo XVIII
Subdivisión general [R] Pensamiento político y social
9 (RLIN) 72061
650 #0 - ASIENTO SECUNDARIO DE MATERIA - TERMINO TEMATICO [R]
Término temático o nombre geográfico como elemento de entrada [NR] Autores alemanes
Subdivisión cronológica [R] Siglo XVIII
Subdivisión de forma [R] Biografías
9 (RLIN) 72062
690 ## - ASUNTO AGREGADO LOCAL DE ENTRADA - TÉRMINO TEMÁTICO (OCLC, RLIN)
Acceso temático local Literatura europea
9 (RLIN) 26524
700 1# - ASIENTO SECUNDARIO - NOMBRE PERSONAL [R]
Nombre personal [NR] Sommer, Manfred,
Fechas asociadas con el nombre [NR] 1945-
9 (RLIN) 72063
710 2# - ASIENTO SECUNDARIO - NOMBRE CORPORATIVO [R]
Nombre corporativo o de jurisdicción como elemento de entrada [NR] Hans Blumenberg-Archiv,
9 (RLIN) 72064
942 ## - ELEMENTOS DE ENTRADA AGREGADOS (KOHA)
Sistema de clasificación LOCAL
Tema principal Literatura
Tipo de ítem principal el descrito en 300a Libro
Edición 1
Clasificación 832.62
Parte restante de la signatura top. G599B
Título oculto en OPAC No
Existencias
Fecha de último préstamo Total préstamos Signatura topográfica Código de barras Última vez visto Ejemplar Costo de reposición Price effective from Tipo de ítem Perdido Sistema de clasificación Dañado No prestable Tipo de ítem específico Suprimido Ubicación habitual Ubicación actual Localización Fecha de creación Proveedor Forma de adquisición Costo
21/02/2022 2 832.62 G559B 100147392 09/12/2025 Ej.1 76232.00 18/09/2015 Libro   DEWEY     Libro   Claustro Claustro 2do piso 18/09/2015 15 Compra 76232.00